Karanòg : the Romano-Nubian cemetery /
Main Author:
Other Authors:
Format: Book
Language: English
Published:
Philadelphia :
The University museum,
1910.
Subjects:
Tags: Add Tag
Call Number: DT57 .P4 v.3-4
| LEADER | 00950namaa2200265 4500 | ||
|---|---|---|---|
| 001 | 19064 | ||
| 003 | OSt | ||
| 005 | 20260421072650.0 | ||
| 008 | 130303s1910 pauaf 000 0 eng d | ||
| 010 | |a 11002027 | ||
| 040 | |c ARCE Library | ||
| 043 | |a f-ua--- |a f-sj--- | ||
| 050 | 4 | |a DT57 .P4 v.3-4 | |
| 100 | 1 | |a Woolley, Leonard, |d 1880-1960, |e author |9 42377 | |
| 245 | 1 | 0 | |a Karanòg : |b the Romano-Nubian cemetery / |c by C. Leonard Woolley and D. Randall-Maciver. |
| 264 | 1 | |a Philadelphia : |b The University museum, |c 1910. | |
| 300 | |a 2 volumes : |b illustrations, plates (part color) ; |c 28 cm. | ||
| 490 | 0 | |a University of Pennsylvania : Egyptian department of the University museum. Eckley B. Coxe junior expedition to Nubia ; |v 3-4. | |
| 650 | 0 | |a Tombs |z Nubia. | |
| 651 | 0 | |a Nubia |x Antiquities. | |
| 651 | 0 | |a Karanòg (Egypt) |x Antiquities. | |
| 700 | 1 | |a Randall-MacIver, David, |d 1873-1945. | |
| 901 | |a reviewed | ||
| 942 | |c BK |2 lcc | ||
| 999 | |c 16085 |d 16085 | ||
